Základy GIS návody na cvičenia so systémom IDRISI

Bibliographic Details
Main Authors: Tuček, Ján, 1956- (Author), Koreň, Milan, 1967- (Author), Smreček, Róbert (Author), Sitko, Roman (Author)
Format: Software eBook
Language:Slovak
PhysicalDescription:1 elektronický optický disk (CD-ROM) mp., obr., sch., tab. 12 cm
Published: Vo Zvolene Technická univerzita 2011
ISBN:9788022822442 (elektronická kniha)
Edition:2. preprac. vyd.
Subjects:

MARC

LEADER 00000nam a2200000 a 4500
001 vtls010327650
003 SK-MaSNL
005 20260302012017.0
007 co bg auuua
008 111201s2011 xo abolfsp 000 0 slo
015 |a SNBS2013 
020 |a 9788022822442 (elektronická kniha) 
040 |a SNK  |b slo  |c SNK  |e AACR2 
041 0 |a slo 
044 |a xo  |c SK 
072 7 |a 004.9  |x Špeciálne počítačové metódy. Počítačová grafika  |2 konspekt 
080 |a 004.9:91  |2 2001 
080 |a 004.42IDRISI  |2 2001 
080 |a (0.034.44)  |2 2001 
080 |a (075.8)  |2 2001 
080 |a (076.5)  |2 2001 
245 0 0 |a Základy GIS  |h elektronický zdroj  |b návody na cvičenia so systémom IDRISI  |c Ján Tuček ... [et al.] 
246 3 0 |a Návody na cvičenia so systémom IDRISI 
250 |a 2. preprac. vyd. 
260 |a Vo Zvolene  |b Technická univerzita  |c 2011 
300 |a 1 elektronický optický disk (CD-ROM)  |b mp., obr., sch., tab.  |c 12 cm 
500 |a Názov z titulnej obrazovky 
504 |a Bibliogr. odkazy 
516 |a Textový dokument (skriptá), súbor vo formáte pdf 
538 |a Technické požiadavky: PDF prehliadač 
650 0 7 |a geografické informačné systémy  |2 SNKPH  |9 1861 
650 0 7 |a IDRISI  |2 SNKPH  |9 59047 
650 0 7 |a Geographical information systems  |2 SNKPHeng  |9 267987 
655 7 |a elektronické zdroje  |2 SNKPH  |9 90954 
655 7 |a CD-ROM  |2 SNKPH  |9 70236 
655 7 |a učebnice vysokých škôl  |2 SNKPH  |9 70191 
655 7 |a praktické cvičenia  |2 SNKPH  |9 70517 
655 7 |a Textbooks (higher)  |2 SNKPHeng  |9 276436 
655 7 |a Electronic resources  |2 SNKPHeng  |9 175546 
655 7 |a Problems, exercises, etc.  |2 SNKPHeng  |9 278342 
700 1 |a Tuček, Ján,  |d 1956-  |4 aut  |9 201674 
700 1 |a Koreň, Milan,  |d 1967-  |4 aut  |9 194183 
700 1 |a Smreček, Róbert  |4 aut  |9 358290 
700 1 |a Sitko, Roman  |4 aut  |9 543000 
752 |a Slovensko  |d Zvolen 
919 |a 978-80-228-2244-2 
958 |a NB 
999 |c 1008115  |d 1010045 
952 |a SNK  |b SNK  |y PREZ  |7 0  |p 17A0833572  |o snkSCDM 4292  |i snk2011/23724  |8 0  |0 0  |1 0  |4 0  |d 2011-12-01  |l 0  |r 2026-02-24 12:42:21  |w 2026-02-24 
952 |t snk ZAK 004.9:91  |a SNKMST  |b SNKMST  |y PREZ  |7 0  |p 17A0833573  |o snkSCDM 4292 D1  |i snk2011/23725  |8 0  |0 0  |1 0  |4 0  |d 2011-12-01  |l 0  |r 2025-08-11 00:00:00  |w 2026-02-24